10 x 10 Nonogram with Whammies - "Antlers" - Statistics

General Stats
  • This quiz has been taken 1,204 times
  • The average score is 63 of 100
Answer Stats
Answer % Correct
d
85%
d
82%
d
77%
d
76%
x
75%
x
74%
x
73%
d
72%
d
72%
x
71%
d
70%
d
70%
d
70%
d
69%
d
69%
x
69%
x
69%
d
68%
d
68%
x
68%
x
68%
x
68%
x
68%
x
68%
x
68%
x
68%
x
68%
x
67%
x
67%
d
66%
d
66%
x
66%
x
66%
d
65%
d
65%
x
65%
x
65%
d
64%
d
64%
x
64%
x
64%
d
63%
d
63%
d
63%
x
63%
x
63%
x
63%
x
63%
x
63%
x
63%
x
63%
d
62%
d
62%
x
62%
x
62%
x
62%
x
62%
x
62%
x
62%
x
62%
x
62%
d
61%
d
61%
x
61%
x
61%
x
61%
d
60%
d
60%
d
60%
d
60%
x
60%
x
60%
x
60%
d
59%
d
59%
d
59%
x
59%
x
59%
x
59%
x
59%
x
59%
x
59%
d
58%
d
58%
x
58%
x
58%
x
57%
x
57%
x
55%
d
54%
x
54%
x
54%
x
54%
d
53%
d
53%
x
53%
x
53%
x
52%
x
51%
d
50%
No matching quizzes found
Score Distribution
Percent of People with Each Score
Percentile by Number Answered
Your Score History
You have not taken this quiz